| 000 | 00368pab a2200157 454500 | ||
|---|---|---|---|
| 008 | 180718b2009 xxu||||| |||| 00| 0 eng d | ||
| 100 | _aMishra, Dinesh Kumar | ||
| 245 | _aDisaster management: need for reassessment | ||
| 260 | _c2009 | ||
| 300 | _ap.19-22. | ||
| 362 | _aJun | ||
| 650 | _aDisaster prevention | ||
| 773 | _aYojana | ||
| 908 | _aN | ||
| 909 | _a82567 | ||
| 999 |
_c82567 _d82567 |
||